Normal view
MARC view
Entry Personal Name
001 - CONTROL NUMBER
- control field: 11090
003 - CONTROL NUMBER IDENTIFIER
- control field: OSt
005 - DATE AND TIME OF LATEST TRANSACTION
- control field: 20160921190656.0
008 - FIXED-LENGTH DATA ELEMENTS
- fixed length control field: 160921|| aca||aabn | a|a d
040 ## - CATALOGING SOURCE
- Original cataloging agency: OSt
- Transcribing agency: OSt
100 ## - HEADING--PERSONAL NAME
- Personal name: Hamilton,Amp;Ulbig,MW;Polkinghorne,P;
670 ## - SOURCE DATA FOUND
- Source citation: Work cat.: (OSt): Hamilton,Amp;Ulbig,MW;Polkinghorne,P;, Management of Diabetic Retinopathy;, 1996.
